Measure theoritic laws for lim sup sets

Saved in:
Bibliographic Details
Main Author: Beresnevich, Victor 1971-
Other Authors: Dickinson, Detta 1968-, Velani, Sanju 1966-
Format: Book
Language:English
Published: Providence, RI : American Mathematical Society, 2006
Series:Memoirs of the American Mathematical Society ; ; 846
Subjects:
Tags: Add Tag
No Tags, Be the first to tag this record!

MARC

LEADER 00000nam a2200000 i 4500
001 1/69120
008 071221s2006 eng d
020 |a 0-8218-3827-X 
035 |l 10093348 
040 |a GR-MY-UA  |b gre  |e aacr 
041 0 |a eng 
082 0 |a 512.73  |2 (22) 
100 1 |a Beresnevich, Victor  |d 1971- 
245 1 0 |a Measure theoritic laws for lim sup sets /  |c Victor Beresnevich, Detta Dickinson, Sanju Velani 
260 |a Providence, RI :   |b American Mathematical Society,   |c 2006 
300 |a ix, 91 σ.;  |c 26 εκ. 
490 1 |a Memoirs of the American Mathematical Society  |v ; 846 
504 |a Περιέχει βιβλιογραφικές παραπομπές (σ. 89-91) 
650 0 0 |a Diophantine approximation. 
650 0 0 |a Probabilities. 
650 0 0 |a Hausdorff measures. 
650 0 0 |a Fractals. 
700 1 |a Dickinson, Detta  |d 1968- 
700 1 |a Velani, Sanju  |d 1966- 
830 0 |a Memoirs of the American Mathematical Society ;  |v ; 846 
852 |a INST  |b SAMOS  |e 20071221  |h 512.73 BER  |p 005300027508  |q 005300027508  |t BK  |y 0 
901 |a BIBL3-2007-3 
909 |a Σ  |b 140349 
922 |a 3ΕΛΗ  |b 200711  |c ΕΠΕΑΕΚ2/ΤΜΗΜΑ ΜΑΘΗΜΑΤΙΚΩΝ  |d ΕΛΕΥΘΕΡΟΥΔΑΚΗΣ 
970 |a ΡΟΥΣΣΟΥ  |b ΚΩΝΣΤΑΝΤΙΝΑ  |z 2007/12/21